000 00412nam a2200157 i 4500
001 43010
003 ES-MaACL
005 20230906160722.0
007 t|
008 030314s1972 sp ||||1| spa d
100 1 _aCepas, Juan.
_937426
245 1 0 _aVocabulario popular malagueño /
_cJuan Cepas.
260 _aMálaga :
_b[s.n.],
_c1972.
300 _a165 p. ;
_c21 cm.
852 _aES-MaACL
_jC-47250
_bR.83441
999 _c43010
_d43010